• 首页
  • 本馆介绍
  • 公告通知
  • 最新文献
  • 馆藏检索
  • 电子资源
  • 读者导购
  • 参考咨询
  • 我的图书馆
  • 登录
  • 详细信息显示
  • 放入我的书架
  • 预约/预借图书
  • 作者相关作品
  • 分类相关作品
  • 丛书相关作品
  • 出版社相关作品

书目信息

  • 表格格式
  • 工作单格式
  • 卡片格式
题名:
茶园绿肥作物种植与利用
    
 
作者: 吴洵 编著
分册:  
出版信息: 北京   金盾出版社  2009
页数: 239页
开本: 21cm
丛书名:
单 册:
中图分类: S55
科图分类:
主题词: 茶园--绿肥作物--栽培 , 茶园 , 绿肥作物
电子资源:
ISBN: 978-7-5082-5703-7
000 00895nam0 2200253 45
001 1033026609
005 20100407164519.04
010    @a978-7-5082-5703-7@dCNY14.00
100    @a20100331d2009 em y0chiy50 ea
101 0  @achi
102    @aCN@b110000
105    @aa z 000yy
106    @ar
200 1  @a茶园绿肥作物种植与利用@ACha Yuan Lu^ Fei Zuo Wu Zhong Zhi Yu Li Yong@f吴洵编著@FWu Xun Bian Zhu
210    @a北京@c金盾出版社@d2009
215    @a239页@c彩照@d21cm
330    @a本书内容包括:我国花园绿肥作物种植的历史和发展,茶园绿肥作物的种类及分布,花园绿肥作物选择的依据和栽培技术要点,花园绿肥作物的利用技术,花园绿肥作物基地建设及留种技术,我国茶园主要优良绿肥作物品种介绍等。
606 0  @a茶园@x绿肥作物@x栽培
606 0  @a茶园
606 0  @a绿肥作物
690    @aS55@v4
701  0 @a吴洵@AWu Xun@4编著
801  0 @aCN@bTANGWEI@c20100407
905    @b0587652-56@dS55@e42@f5
    
    茶园绿肥作物种植与利用/吴洵编著.-北京:金盾出版社,2009
    239页:彩照;21cm
    
    
    ISBN 978-7-5082-5703-7:CNY14.00
    本书内容包括:我国花园绿肥作物种植的历史和发展,茶园绿肥作物的种类及分布,花园绿肥作物选择的依据和栽培技术要点,花园绿肥作物的利用技术,花园绿肥作物基地建设及留种技术,我国茶园主要优良绿肥作物品种介绍等。
●
相关链接 在E读中查询图书 在五车中查询图书 在当当中查询图书 在豆瓣中查询图书


正题名:茶园绿肥作物种植与利用     索取号:S55/42         预约/预借

序号 登录号 条形码 馆藏地/架位号 状态 备注
1 0587652   205876523   第二样本阅览室/ [索取号:S55/42] 在馆    
2 0587653   205876532   第三借阅区/ [索取号:S55/42] 在馆    
3 0587654   205876541   第三借阅区/ [索取号:S55/42] 在馆    
4 0587655   205876550   第三借阅区/ [索取号:S55/42] 在馆    
5 0587656   205876569   第三借阅区/ [索取号:S55/42] 在馆    
唐山师范学院图书馆 欢迎您!
大连网信软件有限公司© 版权所有